Top 20 Countries With The Best Navy - Statistics

General Stats
  • This quiz has been taken 363 times
    103 since last reset
  • The average score is 17 of 20
Answer Stats
Rank Answer # of Units % Correct
2 China 405
100%
3 Russia 283
100%
1 United States 232
100%
7 India 100
98%
8 France 70
97%
9 United Kingdom 50
97%
6 Japan 105
93%
11 Italy 57
91%
18 Germany 34
88%
5 South Korea 138
88%
20 Australia 35
87%
4 Indonesia 245
87%
17 Spain 42
87%
19 Iran 67
82%
10 Turkey 90
82%
13 Egypt 101
78%
14 North Korea 195
76%
12 Taiwan 94
70%
15 Algeria 93
43%
16 Bangladesh 66
21%
No matching quizzes found
Score Distribution
Percent of People with Each Score
Percentile by Number Answered
Your Score History
You have not taken this quiz since the last reset